书目信息 |
| 题名: |
有限空间典型事故案例解析
|
|
| 作者: | 张树森 主编 | |
| 分册: | ||
| 出版信息: | 北京 煤炭工业出版社 2018.12 |
|
| 页数: | 99页 | |
| 开本: | 24cm | |
| 丛书名: | 安全应急丛书 | |
| 单 册: | ||
| 中图分类: | X928 | |
| 科图分类: | ||
| 主题词: | 安全事故--an quan shi gu--案例--北京--汇编 | |
| 电子资源: | ||
| ISBN: | 978-7-5020-7152-3 | |
| 000 | 01000nam 2200265 450 | |
| 001 | 0100010861 | |
| 005 | 20190905093952.0 | |
| 010 | @a978-7-5020-7152-3@dCNY25.00 | |
| 100 | @a20190904d2018 em y0chiy50 ea | |
| 101 | 0 | @achi |
| 102 | @aCN@b110000 | |
| 105 | @aak z 000yy | |
| 106 | @ar | |
| 200 | 1 | @a有限空间典型事故案例解析@Ayou xian kong jian dian xing shi gu an li jie xi |
| 210 | @a北京@c煤炭工业出版社@d2018.12 | |
| 215 | @a99页@c图@d24cm | |
| 225 | 2 | @a安全应急丛书@Aan quan ying ji cong shu@i覆前戒后篇 |
| 314 | @a书内题: 张树森主编 | |
| 330 | @a本书分三章, 基本情况、地下有限空间作业类、地上有限空间作业类。内容包括: 理论知识 ; 事故基本特点 ; 北京密云华鑫水电技术开发总公司“1·11”电缆铺设事故 ; 高碑店污水处理厂“3·3”管廊检修事故等。 | |
| 410 | 0 | @12001 @a安全应急丛书@i覆前戒后篇 |
| 606 | 0 | @a安全事故@Aan quan shi gu@x案例@y北京@j汇编 |
| 690 | @aX928@v5 | |
| 701 | 0 | @a张树森@Azhang shu sen@4主编 |
| 801 | 0 | @aCN@c20190905 |
| 905 | @a河南城建学院图书馆@dX928@eZ176 | |
| 有限空间典型事故案例解析.-北京:煤炭工业出版社,2018.12 |
| 99页:图;24cm.-(安全应急丛书.覆前戒后篇) |
| ISBN 978-7-5020-7152-3:CNY25.00 |
| 本书分三章, 基本情况、地下有限空间作业类、地上有限空间作业类。内容包括: 理论知识 ; 事故基本特点 ; 北京密云华鑫水电技术开发总公司“1·11”电缆铺设事故 ; 高碑店污水处理厂“3·3”管廊检修事故等。 |
| ● |
| 相关链接 |
|
|
|
正题名:有限空间典型事故案例解析
索取号:X928/Z176
 
预约/预借
| 序号 | 登录号 | 条形码 | 馆藏地/架位号 | 状态 | 备注 |
| 1 | 1439025 | 214390256 | 自科库501/501自科库 120排2列2层/ [索取号:X928/Z176] | 在馆 | |
| 2 | 1439026 | 214390265 | 自科库501/501自科库 120排2列2层/ [索取号:X928/Z176] | 在馆 |